Enhancing sexuality : a problem-solving approach to treating dysfunction : workbook (Record no. 174637)

MARC details
000 -LEADER
fixed length control field 00816nam a2200253Ia 4500
008 - FIXED-LENGTH DATA ELEMENTS--GENERAL INFORMATION
fixed length control field 191130s2009##################000#0#eng##
020 ## - INTERNATIONAL STANDARD BOOK NUMBER
ISBN 9780195315080
082 ## - DEWEY DECIMAL CLASSIFICATION NUMBER
Classification number 616.8583 WIN
100 ## - MAIN ENTRY--AUTHOR NAME
Personal name Wincze, John P
245 ## - TITLE STATEMENT
Title Enhancing sexuality : a problem-solving approach to treating dysfunction : workbook
Statement of responsibility, etc John P. Wincze
250 ## - EDITION STATEMENT
Edition statement 2nd ed
260 ## - PUBLICATION, DISTRIBUTION, ETC. (IMPRINT)
Place of publication Oxford
Name of publisher Oxford University Press
Year of publication 2009
300 ## - PHYSICAL DESCRIPTION
Number of Pages x, 150 p. ; 28cm
500 ## - GENERAL NOTE
General note Includes bibliographical references (p. 149-150)
650 ## - SUBJECT ADDED ENTRY--TOPICAL TERM
Topical Term Sex therapy
Topical Term Sexual Dysfunction, Physiological - therapy
Topical Term Sexual Dysfunctions, Psychological - psychology
Topical Term Sexuality
991 ## -
-- 118809
Holdings
Withdrawn status Lost status Damaged status Not for loan Home library Current library Shelving location Date acquired Full call number Accession Number Price effective from Koha item type
        Anna Centenary Library Anna Centenary Library 5TH FLOOR, B WING 13.10.2020 616.8583 WIN 140247 13.10.2020 English Books

Find us on the map